Sociología
Gorde:
| Egile nagusia: | |
|---|---|
| Formatua: | Liburua |
| Hizkuntza: | gaztelania |
| Argitaratua: |
Madrid
Alianza
2002
|
| Edizioa: | 4a. ed |
| Gaiak: | |
| Etiketak: |
Etiketa erantsi
Etiketarik gabe, Izan zaitez lehena erregistro honi etiketa jartzen!
|
MARC
| LEADER | 00000nam a2200000 a 4500 | ||
|---|---|---|---|
| 001 | UCL6912 | ||
| 003 | CL-VaPUC | ||
| 008 | 040423e20020000SP |||||||||||||||||spa|d | ||
| 020 | |a 8420641391 | ||
| 082 | 0 | 4 | |a 301 |b GID |2 21 |
| 100 | 0 | |a Giddens, Anthony |e author |9 467769 | |
| 245 | 1 | 0 | |a Sociología |
| 250 | |a 4a. ed | ||
| 300 | |a 944 p | ||
| 942 | |c BK | ||
| 945 | |d 20040423 00:00:00 |a cmena | ||
| 260 | |a Madrid |b Alianza |c 2002 | ||
| 600 | 0 | |a Comte, Auguste |9 334591 | |
| 600 | 0 | 7 | |a DURKHEIM, EMILE |2 CL-VaPUC |9 314700 |
| 600 | 0 | |a Foucault, Michel |9 257945 | |
| 600 | 0 | 7 | |a HABERMAS, JURGEN |2 CL-VaPUC |9 334312 |
| 600 | 0 | 7 | |a WEBER, MAX |2 CL-VaPUC |9 314708 |
| 600 | 0 | |a Marx, Karl Heinrich, |d 1818-1883 |9 861123 | |
| 650 | 0 | |a Cultura y sociedad |9 367502 | |
| 650 | 0 | |a Problemas sociales |9 258537 | |
| 650 | 0 | |a Psicología social |9 222894 | |
| 650 | 0 | |a Religión |9 255164 | |
| 650 | 0 | |a Familias |9 255641 | |
| 650 | 0 | |a Sociología |9 255410 | |
| 650 | 0 | |a Grupos sociales |9 268887 | |
| 650 | 0 | |a Filosofía de las ciencias sociales |9 268057 | |
| 583 | |a last modification |c 20040423 00:00:00 |k Rodrigo Vera | ||
| 999 | |c 308794 |d 308792 | ||
| 952 | |0 0 |1 0 |4 0 |6 301_000000000000000_GID_2002 |7 0 |8 R |9 375622 |a BIBGIM |b BIBGIM |d 2019-11-21 |i 4007360 |o 301 GID 2002 |p 4007360 |r 2025-01-15 |w 2019-11-21 |y BK_R |k GIM | ||
| 952 | |0 0 |1 0 |4 0 |6 301_000000000000000_GID_2002 |7 0 |8 R |9 375623 |a BIBGIM |b BIBGIM |d 2019-11-21 |i 4007379 |o 301 GID 2002 |p 4007379 |r 2025-01-15 |w 2019-11-21 |y BK_R |k GIM | ||